[Event "Masdenverge op 6th"]
[Site "Masdenverge"]
[Date "2017.06.30"]
[Round "2"]
[White "Segura Romeu, Joaquin T"]
[Black "Pla Andreu, Abraham"]
[Result "0-1"]
[WhiteElo "1643"]
[BlackElo "1983"]
[PlyCount "104"]
[EventDate "2017.06.30"]
[EventType "swiss"]
[EventRounds "7"]
[EventCountry "ESP"]
[SourceTitle "EXT 2019"]
[Source "ChessBase"]
[SourceDate "2018.10.10"]
[SourceVersion "1"]
[SourceVersionDate "2018.10.10"]
[SourceQuality "1"]

1. d4 e6 2. c4 f5 3. Nc3 c6 4. e4 fxe4 5. Nxe4 Nf6 6. Bg5 Be7 7. Bxf6 Bxf6 8. Nd6+ Ke7 9. Nxc8+ Qxc8 10. Nf3 d5 11. cxd5 exd5 12. Bd3 g6 13. 0-0 Kf7 14. Re1 Re8 15. Qd2 Kg7 16. Rxe8 Qxe8 17. Re1 Qf8 18. Ng5 Kg8 19. Ne6 Qf7 20. Ng5 Qd7 21. Re2 Na6 22. Bxa6 bxa6 23. Ne6 Re8 24. Nc5 Rxe2 25. Qxe2 Qc8 26. Qe3 Kg7 27. g3 a5 28. Kg2 h6 29. a3 g5 30. h3 Kf7 31. Qd3 Kg7 32. Qe3 Kg6 33. Qd3+ Qf5 34. Qd2 h5 35. b3 g4 36. hxg4 hxg4 37. Qd1 Bg7 38. a4 Bf6 39. Qe2 Bxd4 40. Qe8+ Qf7 41. Qxc6+ Kh7 42. Qd7 Qxd7 43. Nxd7 Bc3 44. Kf1 Kg6 45. Nc5 Kf5 46. Ke2 Bb4 47. Nd7 Ke6 48. Nb8 Kd6 49. Na6 Ba3 50. Kd3 Kc6 51. Kd4 Bd6 52. Ke3 Kb6 0-1

[Event "Tortosa op"]
[Site "Tortosa"]
[Date "1996.07.11"]
[Round "7"]
[White "Carbonell Valles, Carlos"]
[Black "Segura Romeu, Joaquin T"]
[Result "1/2-1/2"]
[WhiteElo "1825"]
[BlackElo "1855"]
[PlyCount "53"]
[EventDate "1996.07.05"]
[EventType "swiss"]
[EventRounds "9"]
[EventCountry "ESP"]
[SourceTitle "EXT 2003"]
[Source "ChessBase"]
[SourceDate "2002.11.25"]
[SourceVersion "1"]
[SourceVersionDate "2002.11.25"]
[SourceQuality "1"]

1. d4 Nf6 2. g3 g6 3. Bg2 Bg7 4. e4 d6 5. Nc3 0-0 6. Bf4 Nc6 7. Qd2 e5 8. Be3 Ng4 9. d5 Nxe3 10. Qxe3 Nd4 11. Qd3 f5 12. Nge2 fxe4 13. Nxe4 Nxe2 14. Qxe2 a5 15. 0-0 b5 16. Qe3 b4 17. a3 Bb7 18. Ng5 Bh6 19. h4 Bxg5 20. hxg5 Rf5 21. f4 Qe8 22. axb4 axb4 23. Be4 exf4 24. gxf4 Rf7 25. Rxa8 Bxa8 26. Qd4 Qb5 27. Rf2 1/2-1/2

[Event "Tortosa op"]
[Site "Tortosa"]
[Date "1996.07.09"]
[Round "5"]
[White "Poy Prades, Marti"]
[Black "Segura Romeu, Joaquin T"]
[Result "1/2-1/2"]
[WhiteElo "2010"]
[BlackElo "1855"]
[PlyCount "55"]
[EventDate "1996.07.05"]
[EventType "swiss"]
[EventRounds "9"]
[EventCountry "ESP"]
[SourceTitle "EXT 2003"]
[Source "ChessBase"]
[SourceDate "2002.11.25"]
[SourceVersion "1"]
[SourceVersionDate "2002.11.25"]
[SourceQuality "1"]

1. e4 c5 2. Nf3 Nc6 3. d4 cxd4 4. Nxd4 a6 5. Nc3 d6 6. Nb3 e6 7. Be2 Nf6 8. 0-0 Be7 9. Be3 b5 10. f3 0-0 11. Qe1 Qc7 12. Qg3 e5 13. f4 b4 14. Nd5 Nxd5 15. exd5 exf4 16. Bxf4 Ne5 17. Nd4 Qc5 18. Be3 Qxd5 19. Rad1 Qb7 20. Bh6 Ng6 21. Bf4 Qb6 22. Be3 Qc7 23. Bf3 Bb7 24. Nf5 Bxf3 25. Rxf3 Qxc2 26. Rc1 Qe4 27. Rf4 Qe5 28. Nxe7+ 1/2-1/2

[Event "Tortosa op"]
[Site "Tortosa"]
[Date "1996.07.08"]
[Round "4"]
[White "Segura Romeu, Joaquin T"]
[Black "Sanchez Bernardino, Miguel Angel"]
[Result "0-1"]
[WhiteElo "1855"]
[BlackElo "2025"]
[PlyCount "136"]
[EventDate "1996.07.05"]
[EventType "swiss"]
[EventRounds "9"]
[EventCountry "ESP"]
[SourceTitle "EXT 2003"]
[Source "ChessBase"]
[SourceDate "2002.11.25"]
[SourceVersion "1"]
[SourceVersionDate "2002.11.25"]
[SourceQuality "1"]

1. e4 d5 2. exd5 Nf6 3. Bc4 Nxd5 4. c3 Nc6 5. Qf3 e6 6. d4 Na5 7. Bd3 c5 8. dxc5 Nc6 9. Nh3 Bxc5 10. Bb5 Bd7 11. 0-0 Qf6 12. Ng5 h6 13. Qxf6 Nxf6 14. Nf3 0-0 15. Nbd2 Ne5 16. Bxd7 Nfxd7 17. b4 Bb6 18. a4 a5 19. Nxe5 Nxe5 20. Nb3 Nd3 21. b5 Rac8 22. Bd2 Rfd8 23. g3 Ne5 24. Kg2 Nc4 25. Be1 Rd7 26. Ra2 Rcd8 27. h4 Rd1 28. Kf3 Rb1 29. Nd4 e5 30. Nf5 Rdd1 31. Ke2 e4 32. g4 Bc5 33. Ng3 e3 34. g5 hxg5 35. hxg5 exf2 36. Bxf2 Rxf1 37. Nxf1 Bxf2 38. Kxf2 Rc1 39. Nd2 Rxc3 40. Ne4 Rh3 41. Kg2 Rh4 42. Kf3 Ne5+ 43. Ke3 Rg4 44. Nd6 Nc4+ 45. Nxc4 Rxc4 46. Kd3 Rg4 47. Rc2 Rxa4 48. Rc7 Rg4 49. Rxb7 Rxg5 50. Kc4 Rg1 51. Rb8+ Kh7 52. b6 Rb1 53. Kc5 g5 54. Ra8 g4 55. Rxa5 g3 56. Ra2 f5 57. Kc6 f4 58. Rg2 Kh6 59. Kc7 Kh5 60. b7 Kh4 61. Rg1 Rb3 62. b8Q Rxb8 63. Kxb8 f3 64. Rh1+ Kg4 65. Kc7 f2 66. Rf1 Kf3 67. Kd6 g2 68. Rxf2+ Kxf2 0-1